000 00372nam a22001577a 4500
003 SGT
020 _a9781266267901
082 _a616.024
_bC25P
100 _aPAPADKIS, MAXIME A.
245 _aCURRENT MEDICAL DIAGNOSIS & TREATMENT 2025
250 _a64
260 _aUSA
_bMC GRAW HILL PUB
_c2025
300 _a1821
650 _aEMERGENCY MEDICINE
942 _2ddc
_cBK
999 _c30842
_d30842